The widow /

"Following the twists and turns of an unimaginable crime, The Widow is an electrifying debut thriller that will take you into the dark spaces that exist between a husband and a wife. When the police started asking questions, Jean Taylor turned into a different woman. One who enabled her and her...

Full description

Bibliographic Details
Main Author: Barton, Fiona (Author)
Format: Book
Language:English
Published: New York, New York : New American Library, [2016]
Subjects:

MARC

Tag First Indicator Second Indicator Subfields
LEADER 00000cam a22000008i 4500
001 in00003603491
005 20160302095942.0
008 151109s2016 nyu 000 1 eng
010 |a  2015038893 
035 |a (OCoLC)ocn928750306 
040 |a DLC  |b eng  |e rda  |c DLC  |d OCLCO  |d OCLCF  |d OCLCO  |d OCLCQ  |d OCLCO  |d OI6  |d OCLCO  |d VP@  |d ILC 
019 |a 937392243 
020 |a 9781101990261  |q (hardback) 
020 |a 1101990260  |q (hardback) 
035 |a (OCoLC)928750306  |z (OCoLC)937392243 
042 |a pcc 
050 0 0 |a PR6102.A7839  |b W53 2016 
082 0 0 |a 823/.92  |2 23 
084 |a FIC030000  |a FIC031000  |2 bisacsh 
049 |a TXAM 
100 1 |a Barton, Fiona,  |e author. 
245 1 4 |a The widow /  |c Fiona Barton. 
263 |a 1602 
264 1 |a New York, New York :  |b New American Library,  |c [2016] 
264 4 |c ©2016 
300 |a 324 pages ;  |c 24 cm 
336 |a text  |b txt  |2 rdacontent 
337 |a unmediated  |b n  |2 rdamedia 
338 |a volume  |b nc  |2 rdacarrier 
520 |a "Following the twists and turns of an unimaginable crime, The Widow is an electrifying debut thriller that will take you into the dark spaces that exist between a husband and a wife. When the police started asking questions, Jean Taylor turned into a different woman. One who enabled her and her husband to carry on when more bad things began to happen. . . But that woman's husband died last week. And Jean doesn't have to be her anymore. There's a lot Jean hasn't said over the years about the crime her husband was suspected of committing. She was too busy being the perfect wife, standing by her man while living with the accusing glares and the anonymous harassment. Now there's no reason to stay quiet. There are people who want to hear her story. They want to know what it was like living with that man. She can tell them that there were secrets. There always are in a marriage. The truth--that's all anyone wants. But the one lesson Jean has learned in the last few years is that she can make people believe anything. . ."--  |c Provided by publisher. 
520 |a There's a lot Jean hasn't said over the years about the crime her husband was suspected of committing. She was too busy being the perfect wife, standing by her man while living with the accusing glares and the anonymous harassment. Now she's a widow, and there's no reason to stay quiet. There are people who want to hear her story. They want to know what it was like living with that man. They want the truth-- but the one lesson Jean has learned in the last few years is that she can make people believe anything.... 
650 0 |a Family secrets  |v Fiction. 
650 0 |a Marriage  |v Fiction. 
650 0 |a Widows  |v Fiction. 
650 7 |a FICTION  |x Suspense.  |2 bisacsh 
650 7 |a FICTION  |x Thrillers.  |2 bisacsh 
650 7 |a Family secrets.  |2 fast  |0 (OCoLC)fst01737651 
650 7 |a Marriage.  |2 fast  |0 (OCoLC)fst01010443 
650 7 |a Widows.  |2 fast  |0 (OCoLC)fst01174951 
655 7 |a Fiction.  |2 fast  |0 (OCoLC)fst01423787 
655 7 |a Suspense fiction.  |2 gsafd 
948 |a cataloged  |b h  |c 2016/3/2  |d c  |e ceaton  |f 9:59:23 am 
994 |a C0  |b TXA 
999 f f |s 24de2518-54ba-394d-97a1-1abf6089205a  |i 6066360e-80cd-3534-bf2f-4f8201ccf8fe  |t 0 
952 f f |p normal  |a Texas A&M University  |b College Station  |c Sterling C. Evans Library  |d Evans: Library Stacks  |t 0  |e PR6102.A7839 W53 2016  |h Library of Congress classification  |i unmediated -- volume  |m A14843341836 
998 f f |a PR6102.A7839 W53 2016  |t 0  |l Evans: Library Stacks